| Record ID | ia:reassessinglinkb0000unse |
| Source | Internet Archive |
| Download MARC XML | https://archive.org/download/reassessinglinkb0000unse/reassessinglinkb0000unse_marc.xml |
| Download MARC binary | https://www.archive.org/download/reassessinglinkb0000unse/reassessinglinkb0000unse_meta.mrc |
LEADER: 00693cam a2200217 i 4500
001 78056399
003 DLC
005 20060605154623.0
008 790208s1978 cau b 001 0 eng
010 $a 78056399
040 $aDLC$cDLC$dDLC
050 00 $aLC65$b.R38
082 00 $a378/.01/3
245 00 $aReassessing the link between work and education /$cLewis C. Solomon, issue editor.
260 $aSan Francisco :$bJossey-Bass,$c1978.
300 $avi, 112 p. ;$c24 cm.
440 0 $aNew directions for education and work ;$vno. 1
504 $aIncludes bibliographies and index.
650 0 $aEducation$xEconomic aspects.
650 0 $aHigh school graduates$xEmployment.
700 1 $aSolmon, Lewis C.